| 000 | 00613nam a2200205Ia 4500 | ||
|---|---|---|---|
| 003 | GCL | ||
| 008 | 140319s9999 xx 000 0 ara d | ||
| 040 |
_aGCL / _cGCL |
||
| 082 | 0 | 4 |
_a808.068 _bع ا |
| 100 | 1 | _aعبدالفتاح ابومعال | |
| 245 | 1 | 0 |
_aادب الاطفال : دراسة و تطبيق / _cعبدالفتاح ابومعال |
| 250 | _aالثانية | ||
| 260 |
_aالقاهرة : _bدار الشروق ، _c1988 |
||
| 300 | _a136 ص | ||
| 490 | _a | ||
| 650 | 0 | 4 | _aالادب العربى |
| 650 | 0 | 4 | _aادب الاطفال |
| 650 | 0 | 4 | _aكتب الاطفال |
| 942 |
_2ddc _cBK |
||
| 999 |
_c46613 _d46613 |
||